000 00372nam a2200133Ia 4500
005 20251222144656.0
008 251222s9999||||xx |||||||||||||| ||spa||
082 _a271.450.9/A64
100 _aAparicio Quispe, Severo
245 0 _aLos Mercedarios en la Universidad de San Marcos de Lima
250 _a1ra. ed.
264 _bServicio Copias Gráficas S.A.
942 _cLIB
999 _c17275
_d17275